|
|
|
|
| LEADER |
00000nam1a2200000 4500 |
| 001 |
201354 |
| 005 |
20231031185108.0 |
| 020 |
|
|
|a RU
|b 91-11279
|
| 035 |
|
|
|a (RuTPU)RU\TPU\book\219462
|
| 090 |
|
|
|a 201354
|
| 100 |
|
|
|a 20110925g1991 m y0rusy5003 ca
|
| 101 |
0 |
|
|a rus
|
| 200 |
1 |
|
|a Теория систем и системотехника
|e текст лекций
|h Ч.3
|f В. И. Николаев, Л. Л. Серебрянская
|g Северо-Западный заочный политехнический институт (СЗПИ)
|
| 210 |
|
|
|a Ленинград
|c Изд-во СЗПИ
|d 1991
|
| 215 |
|
|
|a 62 с.
|
| 610 |
1 |
|
|a системы
|
| 610 |
1 |
|
|a системотехника
|
| 610 |
1 |
|
|a информационные характеристики
|
| 610 |
1 |
|
|a управление
|
| 610 |
1 |
|
|a принципы
|
| 610 |
1 |
|
|a методы
|
| 610 |
1 |
|
|a учебные пособия
|
| 675 |
|
|
|a 681.51.012(075.8)
|z rus
|
| 686 |
|
|
|a 28.29
|2 rugasnti
|
| 700 |
|
1 |
|a Николаев
|b В. И.
|g Владимир Иванович
|4 070
|
| 701 |
|
1 |
|a Серебрянская
|b Л. Л.
|g Лариса Леонидовна
|4 070
|
| 712 |
0 |
2 |
|a Северо-Западный заочный политехнический институт (СЗПИ)
|c (Ленинград)
|2 stltpush
|3 (RuTPU)RU\TPU\col\2602
|
| 801 |
|
0 |
|a RU
|b RuMRKP
|c 19950417
|g psbo
|
| 801 |
|
1 |
|a RU
|b 63413507
|c 20110925
|
| 801 |
|
2 |
|a RU
|b 63413507
|c 20160708
|g RCR
|
| 942 |
|
|
|c BK
|